Sports Quiz

Random Sports or Capital Quiz
Score 0/36 Timer 15:00
0 Plays Today
% Correct
James Kirwa
57%
James Kirwa
57%
James Kirwa
57%
Wendy Hall
39.5%
Wendy Hall
39.5%
William Mutai
34.6%
Philip Lagat
28.9%
Philip Lagat
28.9%
Simon Sawe
28.1%
Simon Sawe
28.1%
Joan Massah
25.4%
Joan Massah
25.4%
Luke Kibet
23.7%
Hirut Guangul
23.1%
Wendy Terris
22.8%
Wendy Terris
22.8%
Melissa Gillette
21.1%
Enock Birir
21.1%
% Correct
Mary Akor
18.4%
Wilson Gatiha
16.7%
Robyn Friedman
16.7%
Robyn Friedman
16.7%
Sergey Nochevny
15.8%
Boaz Kipyego
15.8%
David Chepkwony
14%
Jared Nyamboki
14%
David Chepkwony
14%
Atalelech Asfaw
14%
Abnet Simegn
14%
Christy Nielsen
14%
Diego Vanegas
13.2%
Biruktait Degefa
13.2%
Geoffrey Kiprotich
12.3%
Alena Vinitskaya
11.4%
Natalia Sokolova
11.4%
Olga Kimaiyo
11.4%

You're not logged in!

Compare scores with friends on all Sporcle quizzes.
OR
Log In

Sporcle TV

Today on Sporcle TV


Watch our educational content, quiz creation guides, and fun videos on Sporcle TV.

Show Comments

Extras

Top Quizzes Today


Score Distribution

Paid Content

Your Account Isn't Verified!

In order to create a playlist on Sporcle, you need to verify the email address you used during registration. Go to your Sporcle Settings to finish the process.

Report this User

Report this user for behavior that violates our Community Guidelines.

Details: